[Event "DEM U10w 2025"]
[Site "Willingen GER"]
[Date "2025.06.08"]
[Round "2"]
[White "Helbig, Frieda"]
[Black "Richter Assencio, Victoria"]
[Result "1-0"]
[Termination "normal"]
[Board "15"]
[WhiteElo "1449"]
[BlackElo "955"]
[WhiteClock "00:54:35"]
[BlackClock "01:36:29"]
[PlyCount "171"]
[WhiteFideId "533010161"]
[BlackFideId "533043620"]
[EventCountry "GER"]
[EventRounds "9"]
[EventType "swiss"]
[EventDate "2025.06.07"]

1. d4 {[%clk 01:30:51]} {[%emt 00:00:06]} d5 {[%clk 01:30:54]} {[%emt
00:00:37]} 2. Bf4 {[%emt 00:00:45]} Nc6 {[%clk 01:31:07]} {[%emt 00:00:11]} 3.
e3 {[%clk 01:30:49]} {[%emt 00:00:22]} a6 {[%clk 01:31:22]} {[%emt 00:00:16]}
4. Nf3 {[%clk 01:30:58]} {[%emt 00:00:20]} Bg4 {[%clk 01:30:18]} {[%emt
00:01:34]} 5. Bd3 {[%clk 01:30:14]} {[%emt 00:01:12]} f6 {[%clk 01:30:07]}
{[%emt 00:00:43]} 6. Nbd2 {[%clk 01:27:14]} {[%emt 00:03:29]} e5 {[%clk
01:29:39]} {[%emt 00:01:00]} 7. dxe5 {[%clk 01:26:40]} {[%emt 00:01:03]} fxe5
{[%clk 01:29:57]} {[%emt 00:00:12]} 8. h3 {[%clk 01:19:53]} {[%emt 00:07:16]}
Bxf3 {[%clk 01:29:04]} {[%emt 00:01:23]} 9. Qxf3 {[%clk 01:19:50]} {[%emt
00:00:34]} exf4 {[%clk 01:29:21]} {[%emt 00:00:14]} 10. Qh5+ {[%clk 01:19:24]}
{[%emt 00:00:36]} Kd7 {[%clk 01:29:01]} {[%emt 00:01:10]} 11. Bf5+ {[%clk
01:18:43]} {[%emt 00:01:02]} Ke7 {[%clk 01:29:06]} {[%emt 00:00:32]} 12. Qh4+
{[%clk 01:18:23]} {[%emt 00:00:42]} Nf6 {[%clk 01:29:27]} {[%emt 00:00:18]} 13.
Qxf4 {[%clk 01:17:15]} {[%emt 00:01:30]} Kf7 {[%clk 01:26:56]} {[%emt
00:03:08]} 14. O-O {[%clk 01:15:46]} {[%emt 00:01:59]} Bd6 {[%clk 01:26:58]}
{[%emt 00:00:29]} 15. Qf3 {[%clk 01:15:18]} {[%emt 00:00:51]} Rf8 {[%clk
01:26:49]} {[%emt 00:00:46]} 16. e4 {[%clk 01:15:09]} {[%emt 00:00:39]} Ne7
{[%clk 01:26:44]} {[%emt 00:00:35]} 17. Rfe1 {[%clk 01:15:06]} {[%emt
00:00:28]} Bb4 {[%clk 01:26:34]} {[%emt 00:00:45]} 18. c3 {[%clk 01:15:03]}
{[%emt 00:00:33]} Ba5 {[%clk 01:26:35]} {[%emt 00:00:29]} 19. b4 {[%clk
01:15:07]} {[%emt 00:00:26]} Bb6 {[%clk 01:26:59]} {[%emt 00:00:06]} 20. e5
{[%clk 01:14:18]} {[%emt 00:01:19]} Nd7 {[%clk 01:27:10]} {[%emt 00:00:20]} 21.
e6+ {[%clk 01:14:10]} {[%emt 00:00:37]} Kg8 {[%clk 01:27:07]} {[%emt 00:00:34]}
22. Qd3 {[%clk 01:08:36]} {[%emt 00:05:56]} Rxf5 {[%clk 01:27:15]} {[%emt
00:00:30]} 23. Re2 {[%clk 01:04:42]} {[%emt 00:04:20]} Ne5 {[%clk 01:27:16]}
{[%emt 00:00:33]} 24. Qg3 {[%clk 01:03:03]} {[%emt 00:01:59]} Qd6 {[%clk
01:26:26]} {[%emt 00:01:30]} 25. Rae1 {[%clk 01:02:07]} {[%emt 00:01:21]} N7g6
{[%clk 01:26:00]} {[%emt 00:01:01]} 26. Nb3 {[%clk 00:56:52]} {[%emt 00:05:45]}
Qxe6 {[%clk 01:26:11]} {[%emt 00:00:19]} 27. Nd4 {[%clk 00:56:50]} {[%emt
00:00:28]} Bxd4 {[%clk 01:26:37]} {[%emt 00:00:08]} 28. cxd4 {[%clk 00:56:42]}
{[%emt 00:00:38]} Re8 {[%clk 01:26:17]} {[%emt 00:00:51]} 29. dxe5 {[%clk
00:56:33]} {[%emt 00:00:38]} Nxe5 {[%clk 01:26:37]} {[%emt 00:00:11]} 30. f4
{[%clk 00:56:05]} {[%emt 00:00:57]} Qb6+ {[%clk 01:26:18]} {[%emt 00:00:50]}
31. Kh2 {[%clk 00:56:01]} {[%emt 00:00:30]} Qxb4 {[%clk 01:23:24]} {[%emt
00:03:28]} 32. fxe5 {[%clk 00:55:46]} {[%emt 00:00:45]} Qd4 {[%clk 01:22:11]}
{[%emt 00:01:43]} 33. e6 {[%clk 00:54:07]} {[%emt 00:02:08]} Rf6 {[%clk
01:22:15]} {[%emt 00:00:27]} 34. Qxc7 {[%clk 00:52:40]} {[%emt 00:01:57]} Qf4+
{[%clk 01:22:20]} {[%emt 00:00:26]} 35. Qxf4 {[%clk 00:52:52]} {[%emt
00:00:17]} Rxf4 {[%clk 01:22:40]} {[%emt 00:00:10]} 36. Rd1 {[%clk 00:52:47]}
{[%emt 00:00:33]} d4 {[%clk 01:22:56]} {[%emt 00:00:17]} 37. e7 {[%clk
00:52:45]} {[%emt 00:00:32]} Kf7 {[%clk 01:23:20]} {[%emt 00:00:07]} 38. Kg3
{[%clk 00:52:05]} {[%emt 00:01:07]} d3 {[%clk 01:23:26]} {[%emt 00:00:26]} 39.
Rxd3 {[%clk 00:51:23]} {[%emt 00:01:11]} Rf6 {[%clk 01:23:27]} {[%emt
00:00:30]} 40. Rd7 {[%clk 00:50:21]} {[%emt 00:01:27]} Re6 {[%clk 01:23:47]}
{[%emt 00:00:16]} 41. Rxe6 {[%clk 00:49:57]} {[%emt 00:00:53]} Kxe6 {[%clk
01:23:41]} {[%emt 00:00:36]} 42. Rxb7 {[%clk 00:50:03]} {[%emt 00:00:24]} Rxe7
{[%clk 01:24:06]} {[%emt 00:00:05]} 43. Rb6+ {[%clk 00:50:00]} {[%emt
00:00:33]} Kd7 {[%clk 01:24:28]} {[%emt 00:00:08]} 44. Rxa6 {[%clk 00:50:13]}
{[%emt 00:00:17]} Re3+ {[%clk 01:24:54]} {[%emt 00:00:04]} 45. Kf4 {[%clk
00:50:00]} {[%emt 00:00:40]} Re2 {[%clk 01:24:37]} {[%emt 00:00:50]} 46. Ra7+
{[%clk 00:49:16]} {[%emt 00:01:14]} Ke6 {[%clk 01:24:51]} {[%emt 00:00:17]} 47.
Rxg7 {[%clk 00:49:19]} {[%emt 00:00:25]} h6 {[%clk 01:25:04]} {[%emt 00:00:17]}
48. Rg6+ {[%clk 00:49:37]} {[%emt 00:00:11]} Ke7 {[%clk 01:25:15]} {[%emt
00:00:20]} 49. Rxh6 {[%clk 00:49:43]} {[%emt 00:00:24]} Rxg2 {[%clk 01:25:38]}
{[%emt 00:00:07]} 50. a4 {[%clk 00:49:04]} {[%emt 00:01:10]} Kf7 {[%clk
01:25:22]} {[%emt 00:00:46]} 51. a5 {[%clk 00:49:00]} {[%emt 00:00:33]} Rf2+
{[%clk 01:25:49]} {[%emt 00:00:04]} 52. Ke3 {[%clk 00:48:51]} {[%emt 00:00:34]}
Ra2 {[%clk 01:26:07]} {[%emt 00:00:17]} 53. Ra6 {[%clk 00:49:00]} {[%emt
00:00:19]} Rh2 {[%clk 01:26:27]} {[%emt 00:00:11]} 54. Ra7+ {[%clk 00:49:12]}
{[%emt 00:00:19]} Ke6 {[%clk 01:26:42]} {[%emt 00:00:15]} 55. a6 {[%clk
00:49:26]} {[%emt 00:00:15]} Rxh3+ {[%clk 01:26:48]} {[%emt 00:00:23]} 56. Kf2
{[%clk 00:49:20]} {[%emt 00:00:33]} Ra3 {[%clk 01:27:15]} {[%emt 00:00:07]} 57.
Ra8 {[%clk 00:49:22]} {[%emt 00:00:28]} Kd7 {[%clk 01:27:38]} {[%emt 00:00:07]}
58. Ra7+ {[%clk 00:49:21]} {[%emt 00:00:30]} Kc6 {[%clk 01:28:04]} {[%emt
00:00:04]} 59. Ra8 {[%clk 00:49:01]} {[%emt 00:00:50]} Kb6 {[%clk 01:28:26]}
{[%emt 00:00:08]} 60. Rb8+ {[%clk 00:47:33]} {[%emt 00:01:57]} Kxa6 {[%clk
01:28:48]} {[%emt 00:00:08]} 61. Ra8+ {[%clk 00:47:31]} {[%emt 00:00:32]} Kb5
{[%clk 01:28:33]} {[%emt 00:00:46]} 62. Rxa3 {[%clk 00:47:45]} {[%emt
00:00:15]} Kb4 {[%clk 01:28:59]} {[%emt 00:00:05]} 63. Rh3 {[%clk 00:47:47]}
{[%emt 00:00:27]} Kc4 {[%clk 01:29:21]} {[%emt 00:00:09]} 64. Ke2 {[%clk
00:48:01]} {[%emt 00:00:16]} Kd4 {[%clk 01:29:45]} {[%emt 00:00:07]} 65. Rg3
{[%clk 00:48:12]} {[%emt 00:00:17]} Ke5 {[%clk 01:30:00]} {[%emt 00:00:16]} 66.
Rg4 {[%clk 00:48:29]} {[%emt 00:00:12]} Kf5 {[%clk 01:30:25]} {[%emt 00:00:06]}
67. Ra4 {[%clk 00:48:50]} {[%emt 00:00:09]} Ke5 {[%clk 01:30:35]} {[%emt
00:00:20]} 68. Kd3 {[%clk 00:49:12]} {[%emt 00:00:08]} Kf5 {[%clk 01:30:00]}
{[%emt 00:01:05]} 69. Ke3 {[%clk 00:49:34]} {[%emt 00:00:08]} Kg5 {[%clk
01:30:20]} {[%emt 00:00:10]} 70. Kf3 {[%clk 00:49:56]} {[%emt 00:00:08]} Kh6
{[%clk 01:30:43]} {[%emt 00:00:07]} 71. Ra5 {[%clk 00:50:18]} {[%emt 00:00:09]}
Kg6 {[%clk 01:31:07]} {[%emt 00:00:05]} 72. Kf4 {[%clk 00:50:35]} {[%emt
00:00:10]} Kf6 {[%clk 01:31:31]} {[%emt 00:00:10]} 73. Ra6+ {[%clk 00:50:50]}
{[%emt 00:00:14]} Ke7 {[%clk 01:31:59]} {[%emt 00:00:02]} 74. Kf5 {[%clk
00:51:12]} {[%emt 00:00:08]} Kd7 {[%clk 01:32:27]} {[%emt 00:00:02]} 75. Ke5
{[%clk 00:51:28]} {[%emt 00:00:13]} Kc7 {[%clk 01:32:56]} {[%emt 00:00:02]} 76.
Kd5 {[%clk 00:51:41]} {[%emt 00:00:17]} Kb7 {[%clk 01:33:22]} {[%emt 00:00:04]}
77. Rh6 {[%clk 00:51:59]} {[%emt 00:00:11]} Kc7 {[%clk 01:33:49]} {[%emt
00:00:04]} 78. Rg6 {[%clk 00:52:11]} {[%emt 00:00:18]} Kd7 {[%clk 01:34:11]}
{[%emt 00:00:09]} 79. Rg7+ {[%clk 00:52:32]} {[%emt 00:00:08]} Ke8 {[%clk
01:34:32]} {[%emt 00:00:09]} 80. Kd6 {[%clk 00:52:50]} {[%emt 00:00:12]} Kf8
{[%clk 01:34:23]} {[%emt 00:00:39]} 81. Ra7 {[%clk 00:53:09]} {[%emt 00:00:11]}
Kg8 {[%clk 01:34:46]} {[%emt 00:00:07]} 82. Ke6 {[%clk 00:53:29]} {[%emt
00:00:10]} Kh8 {[%clk 01:35:12]} {[%emt 00:00:05]} 83. Kf6 {[%clk 00:53:51]}
{[%emt 00:00:07]} Kg8 {[%clk 01:35:38]} {[%emt 00:00:04]} 84. Rb7 {[%clk
00:54:06]} {[%emt 00:00:13]} Kh8 {[%clk 01:36:05]} {[%emt 00:00:06]} 85. Kg6
{[%clk 00:54:20]} {[%emt 00:00:15]} Kg8 {[%clk 01:36:29]} {[%emt 00:00:07]} 86.
Rb8# {[%clk 00:54:35]} {[%emt 00:00:15]} 1-0

[Event "DEM U10w 2025"]
[Site "Willingen GER"]
[Date "2025.06.08"]
[Round "2"]
[White "Sniegowski, Amalia"]
[Black "He, Siqi"]
[Result "1-0"]
[Termination "normal"]
[Board "16"]
[WhiteElo "1411"]
[BlackElo "952"]
[WhiteClock "00:34:26"]
[BlackClock "00:18:36"]
[PlyCount "89"]
[WhiteFideId "34675620"]
[BlackFideId "34682708"]
[EventCountry "GER"]
[EventRounds "9"]
[EventType "swiss"]
[EventDate "2025.06.07"]

1. e4 {[%clk 01:30:57]} {[%emt 00:00:03]} e5 {[%clk 01:30:56]} {[%emt
00:00:05]} 2. Nf3 {[%clk 01:31:22]} {[%emt 00:00:04]} Nc6 {[%clk 01:31:14]}
{[%emt 00:00:12]} 3. Bc4 {[%clk 01:31:38]} {[%emt 00:00:14]} Nf6 {[%clk
01:31:36]} {[%emt 00:00:08]} 4. d3 {[%clk 01:31:53]} {[%emt 00:00:15]} h6
{[%clk 01:30:55]} {[%emt 00:01:10]} 5. c3 {[%clk 01:31:36]} {[%emt 00:00:47]}
d5 {[%clk 01:30:17]} {[%emt 00:01:09]} 6. exd5 {[%clk 01:27:45]} {[%emt
00:04:21]} Nxd5 {[%clk 01:29:48]} {[%emt 00:00:59]} 7. O-O {[%clk 01:26:03]}
{[%emt 00:02:12]} Be6 {[%clk 01:27:29]} {[%emt 00:02:49]} 8. Re1 {[%clk
01:23:15]} {[%emt 00:03:19]} Bd6 {[%clk 01:25:37]} {[%emt 00:02:20]} 9. Nbd2
{[%clk 01:20:35]} {[%emt 00:03:11]} O-O {[%clk 01:22:48]} {[%emt 00:03:19]} 10.
Nf1 {[%clk 01:18:25]} {[%emt 00:02:39]} a6 {[%clk 01:18:40]} {[%emt 00:04:35]}
11. Ng3 {[%clk 01:17:40]} {[%emt 00:01:19]} b5 {[%clk 01:18:30]} {[%emt
00:00:38]} 12. Bb3 {[%clk 01:16:43]} {[%emt 00:01:28]} a5 {[%clk 01:16:16]}
{[%emt 00:02:44]} 13. a4 {[%clk 01:12:38]} {[%emt 00:04:36]} Rb8 {[%clk
01:15:14]} {[%emt 00:01:32]} 14. axb5 {[%clk 01:09:34]} {[%emt 00:03:33]} Rxb5
{[%clk 01:12:15]} {[%emt 00:03:29]} 15. c4 {[%clk 01:09:29]} {[%emt 00:00:36]}
Rc5 {[%clk 01:09:14]} {[%emt 00:03:29]} 16. cxd5 {[%clk 01:09:02]} {[%emt
00:00:59]} Bxd5 {[%clk 01:09:23]} {[%emt 00:00:20]} 17. Be3 {[%clk 01:08:36]}
{[%emt 00:00:55]} Rb5 {[%clk 01:08:31]} {[%emt 00:01:19]} 18. Ba4 {[%clk
01:06:45]} {[%emt 00:02:27]} Rxb2 {[%clk 01:08:00]} {[%emt 00:00:59]} 19. Qc1
{[%clk 01:06:55]} {[%emt 00:00:18]} Rb4 {[%clk 01:04:02]} {[%emt 00:04:32]} 20.
Bxc6 {[%clk 01:06:39]} {[%emt 00:00:46]} Bxc6 {[%clk 01:02:38]} {[%emt
00:01:55]} 21. Qxc6 {[%clk 01:06:52]} {[%emt 00:00:17]} Rb3 {[%clk 00:58:55]}
{[%emt 00:04:10]} 22. Qe4 {[%clk 01:06:05]} {[%emt 00:01:18]} Bb4 {[%clk
00:58:44]} {[%emt 00:00:43]} 23. Reb1 {[%clk 01:05:36]} {[%emt 00:00:56]} Rxd3
{[%clk 00:58:33]} {[%emt 00:00:42]} 24. Nf5 {[%clk 01:03:40]} {[%emt 00:02:27]}
Re8 {[%clk 00:52:22]} {[%emt 00:06:39]} 25. Bxh6 {[%clk 01:02:08]} {[%emt
00:02:03]} Qd7 {[%clk 00:51:03]} {[%emt 00:01:49]} 26. Qg4 {[%clk 00:56:23]}
{[%emt 00:06:10]} g6 {[%clk 00:43:46]} {[%emt 00:07:52]} 27. Be3 {[%clk
00:50:28]} {[%emt 00:06:26]} Bc3 {[%clk 00:42:36]} {[%emt 00:01:40]} 28. Nh6+
{[%clk 00:48:13]} {[%emt 00:02:45]} Kg7 {[%clk 00:42:26]} {[%emt 00:00:39]} 29.
Qxd7 {[%clk 00:48:28]} {[%emt 00:00:16]} Rxd7 {[%clk 00:42:46]} {[%emt
00:00:10]} 30. Ra2 {[%clk 00:48:18]} {[%emt 00:00:40]} Red8 {[%clk 00:42:01]}
{[%emt 00:01:16]} 31. h3 {[%clk 00:48:06]} {[%emt 00:00:42]} e4 {[%clk
00:42:17]} {[%emt 00:00:13]} 32. Nh4 {[%clk 00:43:33]} {[%emt 00:05:01]} Bf6
{[%clk 00:40:16]} {[%emt 00:02:28]} 33. g3 {[%clk 00:42:42]} {[%emt 00:01:26]}
g5 {[%clk 00:40:13]} 34. Bxg5 {[%clk 00:39:26]} {[%emt 00:05:05]} Be5 {[%clk
00:40:25]} {[%emt 00:00:31]} 35. Bf4 {[%emt 00:01:20]} f6 36. Be3 {[%clk
00:38:35]} Rh8 {[%emt 00:03:14]} 37. Rxa5 {[%clk 00:36:01]} {[%emt 00:03:02]}
Rxh6 {[%clk 00:35:21]} {[%emt 00:02:42]} 38. Nf5+ {[%emt 00:00:47]} Kf8 {[%clk
00:35:20]} {[%emt 00:00:01]} 39. Bxh6+ {[%clk 00:36:32]} {[%emt 00:00:22]} Kf7
{[%clk 00:30:11]} {[%emt 00:04:55]} 40. Ra8 {[%clk 00:36:21]} {[%emt 00:01:25]}
Kg6 {[%clk 00:30:19]} {[%emt 00:00:21]} 41. g4 {[%clk 00:36:37]} {[%emt
00:00:14]} Rd2 {[%clk 00:27:05]} {[%emt 00:03:43]} 42. Bxd2 {[%clk 00:36:13]}
{[%emt 00:00:56]} c5 {[%clk 00:19:09]} {[%emt 00:08:26]} 43. Rb7 {[%clk
00:34:35]} {[%emt 00:02:08]} Bb8 {[%clk 00:18:16]} {[%emt 00:01:24]} 44. Raxb8
{[%clk 00:34:25]} {[%emt 00:00:40]} e3 {[%clk 00:18:36]} {[%emt 00:00:10]} 45.
Rg8# {[%clk 00:34:26]} {[%emt 00:00:28]} 1-0

[Event "DEM U10w 2025"]
[Site "Willingen GER"]
[Date "2025.06.08"]
[Round "2"]
[White "Quauck, Johanna"]
[Black "Staudt, Merle"]
[Result "0-1"]
[Termination "normal"]
[Board "17"]
[WhiteElo "973"]
[BlackElo "1569"]
[WhiteClock "00:54:13"]
[BlackClock "01:20:47"]
[PlyCount "138"]
[WhiteFideId "533043604"]
[BlackFideId "34631151"]
[EventCountry "GER"]
[EventRounds "9"]
[EventType "swiss"]
[EventDate "2025.06.07"]

1. e4 {[%clk 01:30:58]} c5 {[%clk 01:30:52]} {[%emt 00:00:08]} 2. Nc3 {[%clk
01:31:14]} {[%emt 00:00:13]} e6 {[%clk 01:31:10]} {[%emt 00:00:12]} 3. Nf3
{[%clk 01:31:22]} {[%emt 00:00:23]} a6 {[%clk 01:31:07]} {[%emt 00:00:34]} 4.
a4 {[%clk 01:30:09]} {[%emt 00:01:42]} Qc7 {[%clk 01:30:26]} {[%emt 00:01:11]}
5. d3 {[%clk 01:29:24]} {[%emt 00:01:15]} Nf6 {[%clk 01:29:14]} {[%emt
00:01:43]} 6. Be2 {[%clk 01:28:47]} {[%emt 00:01:07]} Nc6 {[%clk 01:28:50]}
{[%emt 00:00:55]} 7. d4 {[%clk 01:24:11]} {[%emt 00:05:06]} cxd4 {[%clk
01:28:12]} {[%emt 00:01:08]} 8. Nxd4 {[%clk 01:24:07]} {[%emt 00:00:31]} Nxd4
{[%clk 01:26:39]} {[%emt 00:02:04]} 9. Qxd4 {[%clk 01:24:28]} {[%emt 00:00:09]}
Bc5 {[%clk 01:26:31]} {[%emt 00:00:39]} 10. Qd3 {[%clk 01:23:00]} {[%emt
00:01:57]} b6 {[%clk 01:25:10]} {[%emt 00:01:52]} 11. Bf3 {[%clk 01:18:21]}
{[%emt 00:05:08]} Bb7 {[%clk 01:24:29]} {[%emt 00:01:11]} 12. Be3 {[%clk
01:16:44]} {[%emt 00:02:06]} Bxe3 {[%clk 01:22:06]} {[%emt 00:02:54]} 13. Qxe3
{[%clk 01:16:50]} {[%emt 00:00:24]} d5 {[%clk 01:22:06]} {[%emt 00:00:30]} 14.
Rd1 {[%clk 01:14:24]} {[%emt 00:02:56]} dxe4 {[%clk 01:19:26]} {[%emt
00:03:10]} 15. Bxe4 {[%clk 01:13:53]} {[%emt 00:01:01]} Bxe4 {[%clk 01:19:11]}
{[%emt 00:00:46]} 16. Nxe4 {[%emt 00:00:12]} Qxc2 {[%clk 01:18:43]} {[%emt
00:00:56]} 17. Nxf6+ {[%clk 01:14:14]} {[%emt 00:00:28]} gxf6 {[%clk 01:19:04]}
{[%emt 00:00:09]} 18. Qd4 {[%clk 01:13:04]} {[%emt 00:01:40]} O-O {[%clk
01:18:05]} {[%emt 00:01:29]} 19. Qxf6 {[%clk 01:11:46]} {[%emt 00:02:04]} Qe4+
{[%clk 01:17:46]} {[%emt 00:00:49]} 20. Kf1 {[%clk 01:11:47]} {[%emt 00:00:30]}
Qxa4 {[%clk 01:17:44]} {[%emt 00:00:32]} 21. Qg5+ {[%clk 01:11:32]} {[%emt
00:00:45]} Kh8 {[%clk 01:17:35]} {[%emt 00:00:39]} 22. Qf6+ {[%clk 01:11:55]}
{[%emt 00:00:08]} Kg8 {[%clk 01:17:38]} {[%emt 00:00:25]} 23. Qg5+ {[%clk
01:11:50]} {[%emt 00:00:38]} Kh8 {[%clk 01:18:01]} {[%emt 00:00:06]} 24. Qf6+
{[%clk 01:12:15]} {[%emt 00:00:05]} Kg8 {[%clk 01:18:21]} {[%emt 00:00:06]} 25.
Qg5+ {[%clk 01:12:43]} {[%emt 00:00:06]} Kh8 {[%clk 01:18:45]} {[%emt
00:00:06]} 26. Qf6+ {[%clk 01:13:02]} {[%emt 00:00:11]} Kg8 {[%clk 01:18:30]}
{[%emt 00:02:32]} 27. Qf3 {[%clk 01:13:21]} {[%emt 00:00:11]} Qb5+ {[%clk
01:18:39]} {[%emt 00:00:21]} 28. Qe2 {[%clk 01:12:34]} {[%emt 00:01:15]} Qxe2+
{[%clk 01:18:42]} {[%emt 00:00:28]} 29. Kxe2 {[%clk 01:12:55]} {[%emt
00:00:08]} Rfd8 {[%clk 01:18:55]} {[%emt 00:00:17]} 30. Rd2 {[%clk 01:12:59]}
{[%emt 00:00:27]} Rac8 {[%clk 01:18:59]} {[%emt 00:00:26]} 31. Rhd1 {[%clk
01:12:03]} {[%emt 00:01:26]} Rxd2+ {[%clk 01:19:11]} {[%emt 00:00:19]} 32. Rxd2
{[%clk 01:12:20]} {[%emt 00:00:13]} Rc6 {[%clk 01:19:15]} {[%emt 00:00:26]} 33.
h4 {[%clk 01:11:42]} {[%emt 00:01:07]} Kg7 {[%clk 01:19:16]} {[%emt 00:00:30]}
34. g4 {[%clk 01:10:23]} {[%emt 00:01:48]} f5 {[%clk 01:18:54]} {[%emt
00:00:53]} 35. gxf5 {[%clk 01:08:05]} {[%emt 00:02:48]} exf5 {[%clk 01:19:06]}
{[%emt 00:00:18]} 36. Rd7+ {[%clk 01:08:20]} {[%emt 00:00:15]} Kg6 {[%clk
01:19:26]} {[%emt 00:00:10]} 37. Kd3 {[%clk 01:07:50]} {[%emt 00:01:00]} h6
{[%clk 01:19:13]} {[%emt 00:00:44]} 38. Rd5 {[%clk 01:06:08]} {[%emt 00:02:11]}
Kf6 {[%clk 01:16:51]} {[%emt 00:02:51]} 39. f4 {[%clk 01:05:49]} {[%emt
00:00:50]} Ke6 {[%clk 01:16:34]} {[%emt 00:00:47]} 40. Re5+ {[%clk 01:05:14]}
{[%emt 00:01:06]} Kf6 {[%clk 01:16:46]} {[%emt 00:00:19]} 41. h5 {[%clk
01:05:18]} {[%emt 00:00:25]} b5 {[%clk 01:16:59]} {[%emt 00:00:17]} 42. b3
{[%clk 01:04:59]} {[%emt 00:00:50]} Kf7 {[%clk 01:16:28]} {[%emt 00:01:01]} 43.
Rxf5+ {[%clk 01:04:19]} {[%emt 00:01:10]} Ke6 {[%clk 01:16:38]} {[%emt
00:00:19]} 44. Re5+ {[%clk 01:04:17]} {[%emt 00:00:32]} Kf7 {[%clk 01:16:49]}
{[%emt 00:00:20]} 45. Kd4 {[%clk 00:58:15]} {[%emt 00:06:32]} b4 {[%clk
01:15:28]} {[%emt 00:01:51]} 46. Kd5 {[%clk 00:57:28]} {[%emt 00:01:17]} Rc3
{[%clk 01:15:07]} {[%emt 00:00:51]} 47. Rf5+ {[%clk 00:57:49]} {[%emt
00:00:09]} Ke7 {[%clk 01:15:15]} {[%emt 00:00:23]} 48. Re5+ {[%clk 00:58:01]}
{[%emt 00:00:17]} Kd7 {[%clk 01:14:46]} {[%emt 00:01:00]} 49. Re6 {[%clk
00:58:18]} {[%emt 00:00:13]} Rd3+ {[%clk 01:15:10]} {[%emt 00:00:06]} 50. Ke5
{[%clk 00:58:18]} {[%emt 00:00:28]} Re3+ {[%clk 01:15:35]} {[%emt 00:00:06]}
51. Kd4 {[%clk 00:54:19]} {[%emt 00:04:28]} Rxe6 {[%clk 01:15:16]} {[%emt
00:00:50]} 52. Kc4 {[%clk 00:54:26]} {[%emt 00:00:24]} a5 {[%clk 01:15:14]}
{[%emt 00:00:33]} 53. Kb5 {[%clk 00:54:20]} {[%emt 00:00:34]} Re3 {[%clk
01:15:40]} {[%emt 00:00:04]} 54. Ka4 {[%clk 00:52:49]} {[%emt 00:02:01]} Rf3
{[%clk 01:15:53]} {[%emt 00:00:17]} 55. Kxa5 {[%clk 00:53:05]} {[%emt
00:00:15]} Rxb3 {[%clk 01:16:17]} {[%emt 00:00:06]} 56. Ka4 {[%clk 00:52:23]}
{[%emt 00:01:12]} Rf3 {[%clk 01:16:41]} {[%emt 00:00:05]} 57. Kxb4 {[%clk
00:52:34]} {[%emt 00:00:18]} Rxf4+ {[%clk 01:17:06]} {[%emt 00:00:06]} 58. Kc3
{[%clk 00:52:43]} {[%emt 00:00:22]} Kc6 {[%clk 01:17:17]} {[%emt 00:00:19]} 59.
Kd3 {[%clk 00:52:52]} {[%emt 00:00:19]} Kd5 {[%clk 01:17:35]} {[%emt 00:00:08]}
60. Ke3 {[%clk 00:53:08]} {[%emt 00:00:18]} Rh4 {[%clk 01:17:56]} {[%emt
00:00:11]} 61. Kf3 {[%clk 00:53:25]} {[%emt 00:00:12]} Rxh5 {[%clk 01:18:18]}
{[%emt 00:00:09]} 62. Kg4 {[%clk 00:53:38]} {[%emt 00:00:47]} Rg5+ {[%clk
01:18:39]} {[%emt 00:00:08]} 63. Kh4 {[%emt 00:00:09]} Ke5 {[%emt 00:00:07]}
64. Kh3 {[%clk 00:53:30]} {[%emt 00:00:22]} Kf4 {[%clk 01:19:02]} {[%emt
00:00:07]} 65. Kh4 {[%clk 00:53:49]} {[%emt 00:00:11]} h5 {[%clk 01:19:27]}
{[%emt 00:00:05]} 66. Kh3 {[%clk 00:53:59]} {[%emt 00:00:20]} Rg4 {[%clk
01:19:35]} {[%emt 00:00:22]} 67. Kh2 {[%clk 00:54:16]} {[%emt 00:00:13]} Kf3
{[%clk 01:20:02]} {[%emt 00:00:03]} 68. Kh3 {[%clk 00:54:35]} {[%emt 00:00:12]}
Kf2 {[%clk 01:20:20]} {[%emt 00:00:12]} 69. Kh2 {[%clk 00:54:13]} {[%emt
00:00:52]} Rh4 {[%clk 01:20:47]} {[%emt 00:00:03]} 0-1